El pueblo vence al poder político tradicional : notas para un balance de la lucha contra el Combo ICE /
Guardado en:
| Hovedforfatter: | |
|---|---|
| Format: | Bog |
| Sprog: | Spanish |
| Tags: |
Tilføj Tag
Ingen Tags, Vær først til at tagge denne postø!
|
MARC
| LEADER | 00000nam a22000007a 4500 | ||
|---|---|---|---|
| 003 | cru CIDCACS/IIS | ||
| 005 | 20181025133606.0 | ||
| 007 | ta | ||
| 008 | 181025b2000 cr |||p|r||||||0| ||spa|d | ||
| 999 | |c 41845 |d 41845 | ||
| 040 | |c cru CIDCACS/IIS | ||
| 100 | 1 | |9 7871 |a Merino del Río, José | |
| 245 | 1 | 3 | |a El pueblo vence al poder político tradicional : |b notas para un balance de la lucha contra el Combo ICE / |c José Merino del Río |
| 246 | |a De Combo en Combo: |b lecciones y alcances para la sociedad civil | ||
| 300 | |a páginas 8-12: |b fotos | ||
| 773 | 0 | |0 41842 |9 2356 |d San José, Costa Rica: Editorial Aportes para la Educación, |o 17842 |t Aportes / | |
| 942 | |2 ddc |c PP | ||
